000 00322nam a22001457a 4500
003 SGT
082 _a616.0757, R13S
100 _aSUTTON, DAVID
245 _aRADIOLOGY & IMAGING FOR MEDICAL STUDENTS
250 _a7TH
260 _aINDIA
_bELSEVIER
_c2013
300 _a271
650 _aRADIOLOGY
942 _2ddc
_cBK
_02
999 _c8417
_d8417